[Event "Khanty-Mansiysk FIDE GP (Women)"]
[Site "Khanty-Mansiysk"]
[Date "2014.04.11"]
[Round "3"]
[White "Girya, Olga"]
[Black "Muminova, Nafisa"]
[Result "1/2-1/2"]
[WhiteElo "2450"]
[BlackElo "2321"]
[Annotator "ChessBase Website"]
[PlyCount "71"]
[EventDate "2014.04.09"]
[EventType "tourn"]
[EventRounds "11"]
[EventCountry "RUS"]
[EventCategory "10"]
[SourceTitle "CBM 160"]
[Source "ChessBase"]
[SourceDate "2014.05.15"]
[SourceVersion "1"]
[SourceVersionDate "2014.05.15"]
[SourceQuality "1"]
[TimeControl "40/5400+30:1800+30"]
[WhiteClock "1:30:00"]
[BlackClock "1:30:00"]

1. d4 {[%emt 0:00:00]} e6 {[%emt 0:00:00]} 2. Nf3 {[%emt 0:00:34]} Nf6 {
[%emt 0:00:17]} 3. c4 {[%emt 0:00:05]} d5 {[%emt 0:00:10]} 4. Nc3 {[%emt 0:00:
05]} Be7 {[%emt 0:00:16]} 5. Bf4 {[%emt 0:04:41]} O-O {[%emt 0:00:44]} 6. e3 {
[%emt 0:00:04]} Nbd7 {[%emt 0:00:26]} 7. c5 {[%emt 0:01:45]} c6 {[%emt 0:00:14]
} 8. Bd3 {[%emt 0:10:25]} b6 {[%emt 0:00:35]} 9. b4 {[%emt 0:00:30]} a5 {
[%emt 0:00:14]} 10. a3 {[%emt 0:01:28]} Bb7 {[%emt 0:00:39]} (10... Ba6 11.
Bxa6 Rxa6 12. b5 cxb5 13. c6 Qc8 14. c7 b4 15. Nb5 a4 16. Rc1 Ne4 17. Ng5 Ndf6
18. Nxe4 Nxe4 19. f3 Ra5 20. Qe2 Qd7 21. fxe4 Rc8 22. exd5 exd5 23. axb4 Rxb5
24. O-O Rxb4 25. Qa6 h6 26. Rc6 Bg5 27. Bxg5 hxg5 28. Rfc1 Rc4 29. R1xc4 dxc4
30. Qxb6 a3 31. Rxc4 a2 32. Qa5 Qe6 33. Qxa2 Rxc7 34. Qa8+ Kh7 35. Rxc7 Qxe3+
36. Kf1 Qf4+ 37. Qf3 Qxc7 38. Qh5+ Kg8 39. Qxg5 Qc4+ 40. Kf2 {Aronian,L (2795)
-Adams,M (2753) Bilbao 2013 1/2-1/2}) 11. O-O {[%emt 0:08:20]} Qc8 {[%emt 0:00:
15]} 12. h3 {[%emt 0:09:34]} h6 $146 {[%emt 0:01:42]} (12... Ba6 13. Rb1 Bxd3
14. Qxd3 axb4 15. axb4 Re8 16. Rfc1 b5 17. Bh2 Bd8 18. Nd2 e5 19. e4 Ra3 20.
dxe5 Nxe5 21. Qd4 Bc7 22. f4 Nc4 23. exd5 Nxd5 24. Nxc4 Rxc3 25. Rxc3 Nxc3 26.
Qxc3 bxc4 27. Qxc4 {1/2-1/2 (27) Iljin,A (2548)-Zhou,W (2530) Moscow 2008}) 13.
Qc2 {[%emt 0:05:15]} Ba6 {[%emt 0:00:20]} 14. Bxa6 {[%emt 0:01:01]} Rxa6 {
[%emt 0:00:11]} 15. Rab1 {[%emt 0:00:12] White's Opening pressure paid off as
Girya won a pawn, but it was not for free. Black had insufficient compensation
for the missing foot soldier but she retained drawing chances as her pieces
were rather active.} axb4 {[%emt 0:01:48]} 16. axb4 {[%emt 0:00:14]} Qb7 {
[%emt 0:00:37]} 17. Rfc1 {[%emt 0:06:37]} Rfa8 {[%emt 0:01:16]} 18. b5 {
[%emt 0:08:08]} Ra5 {[%emt 0:22:56]} 19. bxc6 {[%emt 0:00:49]} Qxc6 {[%emt 0:
00:06]} 20. cxb6 {[%emt 0:06:40]} Nxb6 {[%emt 0:10:12]} 21. Nxd5 {[%emt 0:03:
53]} Qxd5 {[%emt 0:00:20]} 22. Rxb6 {[%emt 0:00:07]} Ne4 {[%emt 0:07:10]} 23.
Rcb1 {[%emt 0:04:33]} Ra2 {[%emt 0:05:48]} 24. Rb8+ {[%emt 0:01:26]} Kh7 {
[%emt 0:00:54]} 25. Qc8 {[%emt 0:02:33]} Bd8 {[%emt 0:05:41]} 26. Rxa8 {
[%emt 0:02:04]} Rxa8 {[%emt 0:00:08]} 27. Qc2 {[%emt 0:02:26]} Ra2 {[%emt 0:02:
24]} 28. Rb2 {[%emt 0:01:27]} Ra1+ {[%emt 0:00:08]} 29. Kh2 {[%emt 0:01:27]} f5
{[%emt 0:03:43]} 30. Ne5 {[%emt 0:05:22]} Bh4 {[%emt 0:06:10]} 31. Nd3 {
[%emt 0:00:46]} Qa5 {[%emt 0:08:03]} 32. g3 $2 {[%emt 0:08:13][%csl Rh2] Girya
underestimated her opponent's position with the move 33.g3? with exposed her
king to an unusual tactic that Muminova exploited perfectly. This newfound
counterplay forced a repetition and the game ended in a draw, which is not
what Girya wanted.} (32. Qc6 {[%csl Re6]}) 32... Qa8 {[%emt 0:05:46]} 33. Rb1 {
[%emt 0:04:29]} Ra2 {[%emt 0:05:19]} 34. Rb2 {[%emt 0:00:51]} Ra1 {[%emt 0:00:
05]} 35. Rb1 {[%emt 0:00:02]} Ra2 {[%emt 0:00:04]} 36. Rb2 {[%emt 0:00:59]}
1/2-1/2

[Event "Hoogeveen Essent Crown"]
[Site "Hoogeveen"]
[Date "2004.10.19"]
[Round "3"]
[White "Carlsen, Magnus"]
[Black "Short, Nigel D"]
[Result "1-0"]
[WhiteElo "2581"]
[BlackElo "2687"]
[Annotator "Dautov,R"]
[PlyCount "107"]
[EventDate "2004.10.17"]
[EventType "tourn"]
[EventRounds "6"]
[EventCountry "NED"]
[EventCategory "15"]
[SourceTitle "CBM 104"]
[Source "ChessBase"]
[SourceDate "2005.01.27"]
[SourceVersion "1"]
[SourceVersionDate "2005.01.27"]
[SourceQuality "1"]

1. d4 Nf6 2. c4 e6 3. Nf3 d5 4. Nc3 Be7 5. Bf4 O-O 6. e3 c5 7. dxc5 Bxc5 8.
cxd5 Nxd5 9. Nxd5 exd5 10. a3 Nc6 11. Bd3 Bb6 12. O-O d4 13. e4 Bg4 14. h3 Bh5
15. g4 Bg6 16. Nd2 {Der beste Plan, Weiß möchte seinen f-Bauern möglichst
schnell aktivieren.} f6 (16... Bc7 17. Bxc7 Qxc7 18. f4 f6 19. h4 Rae8 20. Qf3
h6 21. Rf2 Bh7 22. Raf1 Qe7 23. Qh3 g5 24. fxg5 fxg5 25. Bc4+ Kh8 26. Rf7 $14 {
Krasenkow,M-Skalik,P/Polska 1999}) (16... Re8 17. Bg3 $14) 17. Rc1 ({Mehr
verbreitet ist die Zugreihenfolge} 17. Nc4 Bc7 (17... Re8 18. Nd6 $36) 18. Bxc7
Qxc7 19. f4 Bf7 $1 {Dies scheint das beste Vorgehen für Schwarz zu sein, der
mobile Nc4 kann nun jeden Moment abgetauscht werden.} (19... Rac8 $6 20. Rc1
Rfe8 21. Qf3 $5 b5 22. Nd2 Qb6 23. h4 $5 Na5 24. b4 $16 {Gurevich,M-Lutz,C/
Deutschland 2000}) 20. Rc1 Kh8 21. b4 Bxc4 22. Rxc4 Qd6 (22... Qb6 $1 $132 {
/\a5}) 23. Bc2 Rfd8 24. Qd3 g6 25. Rc5 a5 $1 26. Rd5 Qc7 $132 {Pelletier,
Y-Ubilava,E/Espana 2000}) 17... Kh8 18. Nc4 Bc7 19. Bxc7 Qxc7 20. f4 Rae8 $146
{Der erste neue Zug, mit 20...Bf7 könnte Schwarz zu der Partie
Pelletier-Ubilava wechseln.} (20... Bf7 $1) 21. Qf3 Qe7 22. Rce1 Bf7 23. Nd2 $1
{Weiß behält vernünftigerweise den Springer, den er auf f3 gut gebrauchen kann.
} g5 $1 {Schwarz kann nicht passiv bleiben und das Aufrollen der gegnerischen
Bauern h4, g5 kampflos erlauben. Der Plan der schwarzfeldrigen Blockade ist
naheligend und richtig.} (23... a6 24. h4 $1 (24. Qg3 g5 $1 $132) 24... h6 25.
g5 $1 fxg5 $2 26. hxg5 hxg5 27. Qh3+ Kg8 28. e5 g6 29. e6 Bxe6 30. Rxe6 $18)
24. Bb5 a6 $2 {Dieser Fehler kostet Schwarz die Partie. Wahrscheinlich hat
Nigel die Gefahren des entstehenden Endspiel nicht rechtzeitig erkannt.
Notwendig war 24...Bg6, wonach die Stellung im dynamischen Gleichgewicht
geblieben wäre.} (24... Bg6 $1 25. Qd3 (25. Qg3 Qc5) (25. Bxc6 bxc6 26. f5 $2
Bf7 27. e5 $2 Bd5 $17) 25... Rd8 $11) 25. Bxc6 bxc6 26. fxg5 fxg5 27. Qf6+ $1
Kg8 $2 {Wohl oder übel mußte Schwarz die Damen tauschen. Selbst wenn das
Endspiel nach 27...Qxf6 sehr schlecht für ihn ist, war es der
Partiefortsetzung vorzuziehen.} (27... Qxf6 28. Rxf6 c5 29. e5 $1 (29. Ref1 Kg7
30. Rxa6 Rb8 31. Ra7 Kg8 32. e5 $1 $16) 29... Re7 (29... Bg6 30. Rxa6 Rb8 31.
b3 $16) (29... Kg7 30. Rxa6 $16) 30. Nf3 Rfe8 31. Rd6 $1 a5 32. Rc1 $16) 28.
Qxd4 c5 29. Qf6 Qxf6 30. Rxf6 $18 {Jetzt hat Weiß einen Mehrbauern und eine
bessere Stellung dazu. Die Partie ist entschieden.} Rb8 31. Nf3 Rxb2 32. Nxg5
Ba2 33. Rxf8+ Kxf8 34. Nxh7+ Ke7 35. Ng5 c4 36. Rc1 Rb3 37. Kf2 c3 (37... Rxa3
38. Ra1 c3 39. Ke3 $18) 38. e5 Rxa3 39. Ne4 c2 40. Rxc2 Rxh3 41. Rc7+ Kd8 42.
Ra7 Bc4 43. g5 Rh4 44. Nd6 Be6 45. g6 Rg4 46. g7 a5 47. Kf3 Rg1 48. Nb7+ Ke8
49. Nc5 Bf7 50. Ne4 Rxg7 51. Nd6+ Kf8 52. Ra8+ Ke7 53. Nf5+ Kd7 54. Ra7+ 1-0

[Event "Bundesliga 0001"]
[Site "Germany"]
[Date "2001.03.11"]
[Round "11.5"]
[White "Epishin, Vladimir"]
[Black "Vaganian, Rafael A"]
[Result "1/2-1/2"]
[WhiteElo "2567"]
[BlackElo "2623"]
[Annotator "Dautov,R"]
[PlyCount "44"]
[EventDate "2000.10.14"]
[EventType "team-tourn"]
[EventRounds "15"]
[EventCountry "GER"]
[SourceTitle "CBM 082"]
[Source "ChessBase"]
[SourceDate "2001.05.17"]
[SourceVersion "1"]
[SourceVersionDate "2001.05.17"]
[SourceQuality "1"]
[WhiteTeam "Luebeck"]
[BlackTeam "Porz"]
[WhiteTeamCountry "GER"]
[BlackTeamCountry "GER"]

1. d4 d5 2. c4 e6 3. Nc3 Be7 4. Nf3 Nf6 5. Bf4 O-O 6. e3 Nbd7 7. Qc2 c5 8. dxc5
Nxc5 9. O-O-O $6 Bd7 {Die Idee mit der langen Rochade ist für Weiß in der
Variante 6...Nbd7 weniger attraktiv als in der Hauptvariante 6...c5. Die
Erklärung dafür ist einfach, Schwarz kann schnell den Springerabtausch Nc5-a4
vorbereiten und damit die c-Linie räumen. Angesichts der schwarzen Drohungen
wird dem Anziehenden für das geplante Spiel auf dem Königsflügel keine Zeit
bleiben.} ({Eine gute Alternative stellt das natürliche} 9... Qa5 {dar, womit
sich Schwarz auch andere Angriffsmöglichkeiten offenläßt, z.B. b7-b5.} 10. Kb1
(10. Ng5 $5 g6 11. h4 b5 12. cxb5 Nh5 13. Be2 Nxf4 14. exf4 Bb7 $44 {Notkin,
M-Shur,M/Moscow 1997}) 10... Bd7 11. Ne5 Rac8 (11... Ba4 12. Nxa4 Nxa4 13. cxd5
Nxd5 14. Nc4 Qb4 15. Be5 b5 16. a3 Nac3+ 17. Ka1 Qc5 18. Bxc3 Nxc3 19. Qxc3
bxc4 20. Qxc4 Qf5 $11 {Pelletier,Y-Kramnik,V/Zurich 1999}) 12. Qd2 Qb6 13. f3 (
13. Nxd7 Ncxd7 14. cxd5 Bb4 $40) (13. cxd5 Nce4 $36) 13... Rfd8 14. cxd5 exd5
15. Nxd7 Rxd7 16. Be5 Ne6 $11 {Masic,P-Vujosevic,V/Vrnjacka Banja 1999}) 10.
Ne5 ({Weiß verzichtet vernünftigerweise auf den geschenkten Bauern, nach} 10.
cxd5 exd5 11. Nxd5 Nxd5 12. Rxd5 Rc8 13. Kb1 Ba4 $1 14. Qd2 (14. Qf5 g6 $1 15.
Qe5 (15. Rxd8 Rcxd8 $17) 15... Nd7 16. Qd4 Bc6 $17) 14... Qb6 $40 {entwickelt
Schwarz eine gefährliche Initiative.}) 10... Rc8 11. Kb1 (11. Nxd7 $2 Ncxd7 {
|^, <->c}) 11... Qe8 $1 (11... Qa5 12. Qd2 Qb6 {-siehe 9...Qa5.}) 12. f3 {
Nach langem Grübeln entscheidet Epishin, die gegnerische Initiative durch
Figurentausch einzudämmen.} ({Weiß konnte den Ausgleich auch anders erreichen:
} 12. Nxd7 Ncxd7 13. Qa4 Nb6 14. Qxe8 Rfxe8 15. cxd5 Nfxd5 16. Nxd5 Nxd5 $11
17. Bg3 h5 18. e4 h4 19. exd5 {1/2-1/2 Stohl,I-Lputian,S/Istanbul 2000}) 12...
Ba4 (12... Na4 13. Nxd7 Nxc3+ 14. Qxc3 Nxd7 $1 (14... Qxd7 15. Qb3 $11) 15. Qb3
(15. Qd2 $6 Nb6 16. cxd5 Nxd5 $15) 15... Nc5 16. Qc2 dxc4 17. Bxc4 b5 18. Be2
$11) 13. Nxa4 Nxa4 14. Qd2 Nb6 15. Rc1 Nh5 (15... Qa4 $5) 16. cxd5 Nxf4 (16...
Rxc1+ 17. Qxc1 Nxf4 18. exf4 Nxd5 19. Bc4 $11) 17. exf4 $11 Nxd5 18. Rxc8 Qxc8
19. Bc4 Bb4 20. Qc1 Nb6 21. a3 Bd6 22. Bb3 Qxc1+ 1/2-1/2

[Event "Moscow Aeroflot op"]
[Site "Moscow"]
[Date "2002.02.09"]
[Round "7"]
[White "Jobava, Baadur"]
[Black "Vaganian, Rafael A"]
[Result "1-0"]
[WhiteElo "2556"]
[BlackElo "2662"]
[Annotator "Dautov,R"]
[PlyCount "72"]
[EventDate "2002.02.04"]
[EventType "swiss"]
[EventRounds "9"]
[EventCountry "RUS"]
[SourceTitle "CBM 088"]
[Source "ChessBase"]
[SourceDate "2002.03.21"]
[SourceVersion "1"]
[SourceVersionDate "2002.03.21"]
[SourceQuality "1"]

1. d4 d5 2. c4 e6 3. Nf3 Nf6 4. Nc3 Be7 5. Qc2 dxc4 6. e4 Nc6 7. e5 Nb4 8. Qb1
Nfd5 9. Bxc4 Nb6 10. Be2 Bd7 11. O-O Bc6 12. Rd1 $1 $146 {Eine gute Neuerung.
Weiß wartet auf einen günstigen Moment für den Springerzug Nc3-e4. Schwarz hat
zwar einen schönen Vorposten d5 zur Verfügung, aber solange das Brett voller
Figuren ist, kann der Anziehende an diesem Vorposten "vorbeispielen".} (12. a3
N4d5 13. Ne4 Qd7 $1 (13... a6 14. Re1 h6 15. Bd2 Qd7 16. Qc2 Bb5 $6 (16... g5
$5 {(Ehlvest,J) /\ 0-0-0, Rdg8<=>}) 17. Bd1 Bc6 18. Rc1 Rd8 $6 19. Qb1 Kf8 20.
h4 $1 $16 {Ehlvest,J-Jussupow,A/Wien 1996}) 14. Re1 Bb5 15. Bd1 a5 16. Ng3 h6
17. h4 a4 18. Qe4 O-O-O 19. h5 {1/2-1/2 Khenkin,I-Jussupow,A/Bundesliga 1999})
12... h6 ({Nach} 12... Qd7 {kann sich der andere weiße Springer auf den Weg
nach e4 machen:} 13. Ng5 $5 {/\Nge4}) 13. a3 N4d5 14. Ne4 a6 ({Hier ist} 14...
Qd7 $6 {nicht erstrebenswert wegen} 15. Nc5 $1 Bxc5 16. dxc5 Na4 17. Qc2 Qe7
18. Rd4 $1 Qxc5 19. Rc4 $16) 15. Ne1 $1 {Ausgezeichnet gespielt! Sobald ein
weißer Springer auf c5 erscheint, wird Schwarz unter Druck gesetzt. In jedem
Fall hat er mit der Ausführung der langen Rochade Schwierigkeiten, die
normalerweise auf seinem Plan steht.} Bg5 $2 {Vaganian versucht, seine Lage
durch den Leichtfigurenabtausch zu entlasten, aber ohne Erfolg.} ({Besser war} 
15... O-O 16. Bf3 $14 (16. Nd3 Ne3 $1 17. Bxe3 Bxe4 $11)) 16. Nd3 Bxc1 17. Qxc1
Bb5 (17... Qe7 18. Ndc5 $14) {><b7} 18. Nec5 Rb8 19. a4 Bxd3 (19... Bc6 20. a5
Nd7 21. Nxa6 $16) 20. Rxd3 $16 {Dank diesem aktiven Turm vergrößert Jobava
seinen Vorteil.} Nb4 (20... O-O $2 21. Rg3 Kh8 22. Rh3 Kg8 23. Rxh6 $1 gxh6 24.
Qxh6 $18 {/\Ra3-g3}) (20... Qg5 $5) 21. Rg3 g5 $2 ({Zäher war} 21... g6 $16)
22. Bh5 Qd5 23. Qd2 {Weiß gewinnt einen Bauern.} a5 (23... Nc6 24. Bf3 Qd8 25.
Nxb7 $18) 24. Bf3 Qd8 25. Nxb7 $18 Qd7 26. Nxa5 Nxa4 27. b3 Nc5 28. Qc3 Ncd3
29. Nc6 O-O 30. Nxb8 Rxb8 31. h4 Nf4 32. hxg5 h5 33. Qd2 Nfd3 34. g6 f5 35.
exf6 Qxd4 36. Bd1 Ne5 1-0

[Event "Moscow Aeroflot op-A"]
[Site "Moscow"]
[Date "2006.02.12"]
[Round "5"]
[White "Jobava, Baadur"]
[Black "Rustemov, Alexander"]
[Result "1-0"]
[WhiteElo "2614"]
[BlackElo "2573"]
[Annotator "Dautov,R"]
[PlyCount "77"]
[EventDate "2006.02.08"]
[EventType "swiss"]
[EventRounds "9"]
[EventCountry "RUS"]
[SourceTitle "CBM 112"]
[Source "ChessBase"]
[SourceDate "2006.06.07"]
[SourceVersion "1"]
[SourceVersionDate "2006.06.07"]
[SourceQuality "1"]

1. d4 d5 2. Nf3 Nf6 3. c4 e6 4. Nc3 Be7 5. Bf4 O-O 6. e3 c5 7. dxc5 Bxc5 8.
cxd5 Nxd5 9. Nxd5 exd5 10. Bd3 Bb4+ 11. Kf1 $6 {Eine zweifelhafte Idee. Die
taktischen Möglichkeiten des Weißen können die Nachteile seiner Königsstellung
nicht aufwiegen.} (11. Ke2 Nc6 12. Qc2 g6 (12... h6 $11) 13. Rhd1 (13. a3 Be7
14. h3 Bf6 15. Rac1 a5 16. Rhd1 Be6 17. Kf1 {Sokolov,I-Van der Sterren,P/
Rotterdam 1997} Qb6 $11) 13... Bg4 14. Qb3 $5 Qf6 $1 $11 (14... Re8 $2 15. Kf1
Bxf3 16. gxf3 d4 $2 17. Be4 $16 {Mikhalchishin,A-Zheliandinov,V/Lviv 1999}))
11... Bd6 {Etwas genauer scheint mir 11...Nc6 zu sein.} (11... Nc6 12. Qc2 (12.
h4 Bd6 $1 $11) 12... h6 13. Rd1 Be6 $11) 12. Bg3 Nc6 13. e4 $6 {Die Öffnung
des Zentrums sieht Schwarz natürlich gern.} (13. Bc2 Be7 14. h4 Bf6 15. Qd2 d4
$11 {Vaisser,A (2490)-Speelman,J (2575)/Sochi 1982}) 13... dxe4 14. Bxe4 Be7
15. Qe2 Be6 $15 16. h4 Re8 $2 {In einer vielversprechenden Stellung wird
Rustemov nachlässig. Er sollte auf jeden Fall seinen König mit 16...h6 gegen
den Ausfall Nf3-g5 absichern. Der schwarze Vorteil wäre dann außer Frage.} (
16... h6 $1 17. Kg1 (17. Bc2 Nb4 $17) (17. Ng5 $2 Bxg5 18. hxg5 Qxg5 $17) 17...
Bf6 18. Kh2 Qb6 $15) 17. Ng5 $1 {Jobava nimmt die Einladung gern an.} Bxg5 {
[%mdl 64]} 18. Bxh7+ $1 (18. hxg5 $2 Bf5 $17) 18... Kf8 $6 {Riskant gespielt,
denn der schwarze König wird in akuter Gefahr schweben. Die Annahme des Opfers
sollte zum Remis führen.} (18... Kxh7 $1 19. hxg5+ Kg8 20. Qh5 Kf8 21. Rd1 Nd4
22. g6 $1 fxg6 (22... Qb6 23. Qh8+ Ke7 24. Qh4+ f6 25. Qxd4 Qxd4 26. Rxd4 Bxa2
$11) 23. Qc5+ Kg8 24. Rxd4 Qf6 $11) 19. hxg5 g6 {Wohl oder übel muß Schwarz
den weißen Läufer einsperrren und damit seinen König weiter schwächen.} (19...
Bf5 $2 20. Qxe8+ Qxe8 21. Bxf5 $16) 20. Qf3 Nd4 $2 {Das führt bereits zum
Verlust. Die schwarze Stellung ließ sich nur mit 20...Qxg5 spielen.} (20...
Qxg5 $1 21. Qc3 Rad8 22. Bh4 Qb5+ 23. Kg1 Nd4 24. Re1 Bc4 25. Re3 $13) 21. Qa3+
Re7 22. Bxg6 $1 $18 {Der eingesperrte Läufer opfert sich, und mehrere schwarze
Figuren geraten plötzlich unter Fesslungen.} (22. Bd6 Nb5 23. Bxe7+ Qxe7 24.
Qxe7+ Kxe7 $16) 22... fxg6 23. Rh8+ Bg8 24. Rd1 {/\Bd6} (24. Bd6 Kg7 (24... Nf5
25. Qb3 Kg7 26. Qc3+ Kf8 27. Qf6+ $18) 25. Qc5 Bc4+ 26. Qxc4 Kxh8 27. Bxe7 $18)
24... Kg7 25. Rh4 Bc4+ 26. Kg1 Ne2+ 27. Kh2 Qf8 (27... Qe8 28. Qd6 Kg8 29. Be5
$1 Rxe5 30. Qf6 $18) 28. Qc5 (28. Bd6 $5 Qxf2 29. Qh3 $18) 28... Rae8 (28...
Rc8 29. Be5+ Kf7 30. Rh7+ $18) 29. Qxc4 Qf5 30. Bd6 Re4 31. Rxe4 Rxe4 32. Qc7+
Kg8 33. Qb8+ Kg7 34. Qxb7+ Kg8 35. Qb8+ Kg7 36. Qxa7+ Kg8 37. Qb8+ Kg7 38. Qc7+
Kg8 39. Bg3 1-0

[Event "FRA-ch"]
[Site "Aix les Bains"]
[Date "2003.08.24"]
[Round "7"]
[White "Dorfman, Josif D"]
[Black "Vaisser, Anatoli"]
[Result "1/2-1/2"]
[WhiteElo "2607"]
[BlackElo "2571"]
[Annotator "Dautov,R"]
[PlyCount "114"]
[EventDate "2003.08.18"]
[EventType "tourn"]
[EventRounds "11"]
[EventCountry "FRA"]
[EventCategory "13"]
[SourceTitle "CBM 097"]
[Source "ChessBase"]
[SourceDate "2003.11.11"]
[SourceVersion "1"]
[SourceVersionDate "2003.11.11"]
[SourceQuality "1"]

{[%mdl 32768]} 1. d4 d5 2. c4 e6 3. Nf3 Nf6 4. Nc3 Be7 5. Bf4 O-O 6. e3 c5 7.
dxc5 Bxc5 8. cxd5 Nxd5 9. Nxd5 exd5 10. a3 Nc6 11. Bd3 Bb6 12. O-O Bg4 13. h3
Bh5 14. b4 a6 ({Genauer ist hier} 14... Re8) 15. Rc1 ({Mehr verspricht Weiß} 
15. Be2 $1) 15... d4 (15... Re8 16. Bxa6 $1) 16. g4 Bg6 17. e4 Re8 18. Re1 (18.
Nd2 $6 Rc8 19. Bg3 f6 $11 {Beliavsky,A-Georgiev,K/Biel 1992}) 18... Rc8 19. e5
$5 $146 {Ein energisches, aber zweischneidiges Vorgehen. Mit 19.Kg2 kann Weiß
einen leichten Vorteil behaupten.} (19. Kg2 Bc7 20. Qd2 Bxf4 21. Qxf4 $14 {
Epishin,V-van der Sterren,P/Ter Apel 1992}) 19... Ne7 20. Bc4 Rxc4 $2 {Dieses
Opfer macht keinen guten Eindruck. Weiß kann die gegnerische Initiative in
Zaum halten. Besser war 20...Nd5.} (20... Nd5 21. Bg5 Qd7 22. Qb3 (22. Nxd4 h6
$44) 22... Nc3 $1 $13 (22... Nc7 $2 23. e6 $1 $16)) 21. Rxc4 Qd5 22. Nd2 {/\Qf3
} (22. Rc1 $5) 22... Bd3 23. Rc1 Bb5 24. Qb3 Bc6 25. Qxd5 Nxd5 26. Bg3 $16 {
Weiß hat eine Mehrqualität, und die gegnerische Aktivität hält sich in Grenzen.
} d3 27. Nc4 Ba4 {/\Bc2 Der Freibauer d3 ist die einzige schwarze
Überlebenschance.} 28. Red1 $1 Bc2 (28... Bxd1 29. Rxd1 $16) 29. Rd2 ({Genauer
ist laut FRITZ} 29. Nd6 $1 Nc3 (29... Ra8 30. Rd2 $18) 30. Rd2 Ne2+ 31. Rxe2
dxe2 32. Nxe8 Bd1 33. Rc8 e1=Q+ 34. Kh2 $18 {mit Matt, aber wer will am Brett
solche Varianten berechnen, wenn es nicht nötig ist?}) 29... Rc8 30. Nb2 Nc3
31. Rcxc2 {Eine natürliche Entscheidung, aber 31.Nxd3! gewann sofort.} (31.
Nxd3 $1 Bxd3 32. Kh2 $1 {FRITZ} Be4 33. Rd6 $18) 31... dxc2 32. Rxc2 Rc6 33.
Kg2 (33. h4 $5) 33... g5 34. h4 h6 35. hxg5 $2 ({Besser war} 35. f4 $1 gxf4 36.
Bxf4 $16) 35... hxg5 36. f3 Kf8 37. Be1 Bd4 38. Bxc3 $2 {In dem entstehenden
Leichtfigurenendspiel wird Weiß mit großen technischen Schwierigkeiten
konfrontiert. Besser war wohl 38.Nd3.} (38. Nd3 $142) 38... Rxc3 39. Rxc3 Bxc3
40. Nd3 Ke7 41. f4 gxf4 42. Kf3 b5 $1 43. Kxf4 a5 44. bxa5 (44. Kf5 $5 axb4 45.
axb4 Kd7 (45... Bd2 46. Nf4 $16) 46. Kf6 Ke8 47. g5 Kf8 48. g6 fxg6 49. Kxg6
Ke7 50. Kf5 $16) 44... Bxa5 45. Ke4 f6 46. Nb4 Kf7 47. exf6 $2 {Danach läßt
sich das Unentschieden nicht vermeiden, während Weiß mit 47.Nc6! noch gute
Gewinnchancen behielt.} (47. Nc6 $1 Bd2 48. Nd4 fxe5 (48... b4 $2 49. e6+ Ke8
50. a4 $18) 49. Nxb5 Kf6 50. Nd6 $16) 47... Kxf6 48. Kd5 Kg5 $11 49. Kc6 Kxg4
50. Kxb5 Bd8 51. Nc6 Bc7 52. Nd4 Bf4 53. a4 Bd2 54. Kc4 Kf4 55. Kd5 Be1 56. Nc6
Kf5 57. a5 Bxa5 1/2-1/2